000 00655nam a22002417a 4500
003 UA-OsUOA
001 21117
007 ta
008 20031118b un ||||| |||| 00| 0 ukr d
100 _aНордер А.
090 _a94(4)"1939/1945"
_bН82
942 _cBK
040 _aUA-OsUOA
_brus
_cUA-OsUOA
_dUA-OsUOA
245 _aТак делаются войны
_bО закулесной стороне и технике агресии
300 _a391 с.
955 _a0
041 _arus
080 _a94(4)"1939/1945"
260 _aМосква
_bПрогресс
_c1972
044 _aRU
650 7 _2UDC
999 _c307310
_d307310